000 00685nam a2200193 i 4500
001 145079
003 ES-MaACL
005 20230906201147.0
007 t|
008 070214s1925 gw r ||||1| ger d
100 1 _aSommer, Ferdinand.
_9107270
245 1 0 _aVergleichende Syntax der Schulsprachen
_b: (Deutsch, Englisch, Französisch, Griechisch, Lateinisch) : mit besonderer Berücksichtigung des Deutschen /
_cFerdinand Sommer.
250 _a2 Aufl.
260 _aLeipzig [etc.] :
_bB. G. Teubner,
_c1925.
300 _aVI, 126 p. ;
_c21 cm.
650 4 _aLengua alemana-
_xSintaxis.
_9157419
650 4 _aLenguas indoeuropeas-
_xSintaxis.
_9157420
852 _aES-MaACL
_jD-9129
999 _c145079
_d145079